<?xml version="1.0" encoding="UTF-8"?>
<record
    xmlns:xsi="http://www.w3.org/2001/XMLSchema-instance"
    xsi:schemaLocation="http://www.loc.gov/MARC21/slim http://www.loc.gov/standards/marcxml/schema/MARC21slim.xsd"
    xmlns="http://www.loc.gov/MARC21/slim">

  <leader>01021nasaa22002531i 4500</leader>
  <controlfield tag="003">EG-GICUS</controlfield>
  <controlfield tag="005">20260623150741.0</controlfield>
  <controlfield tag="008">260623c20249999ua uu p       0    0ara d</controlfield>
  <datafield tag="040" ind1=" " ind2=" ">
    <subfield code="a">EG-GICUS</subfield>
    <subfield code="b">ara</subfield>
    <subfield code="c">EG-GICUS</subfield>
    <subfield code="e">rda</subfield>
  </datafield>
  <datafield tag="041" ind1=" " ind2=" ">
    <subfield code="a">ara</subfield>
  </datafield>
  <datafield tag="043" ind1=" " ind2=" ">
    <subfield code="a">f-ua---</subfield>
  </datafield>
  <datafield tag="049" ind1=" " ind2=" ">
    <subfield code="a">&#x625;&#x647;&#x62F;&#x627;&#x621;</subfield>
  </datafield>
  <datafield tag="092" ind1="0" ind2="4">
    <subfield code="2">303.38</subfield>
    <subfield code="a">S585</subfield>
    <subfield code="b">21</subfield>
  </datafield>
  <datafield tag="099" ind1=" " ind2=" ">
    <subfield code="a">303.38 S585</subfield>
  </datafield>
  <datafield tag="245" ind1=" " ind2=" ">
    <subfield code="a">&#x633;&#x644;&#x633;&#x644;&#x629; &#x627;&#x633;&#x62A;&#x637;&#x644;&#x627;&#x639;&#x627;&#x62A; &#x627;&#x644;&#x631;&#x623;&#x64A; &#x627;&#x644;&#x639;&#x627;&#x645; /</subfield>
    <subfield code="c">&#x627;&#x644;&#x645;&#x631;&#x643;&#x632; &#x627;&#x644;&#x642;&#x648;&#x645;&#x64A; &#x644;&#x62F;&#x631;&#x627;&#x633;&#x627;&#x62A; &#x627;&#x644;&#x634;&#x631;&#x642; &#x627;&#x644;&#x627;&#x648;&#x633;&#x637;.</subfield>
  </datafield>
  <datafield tag="264" ind1=" " ind2="1">
    <subfield code="a">&#x627;&#x644;&#x642;&#x627;&#x647;&#x631;&#x629; : </subfield>
    <subfield code="b">&#x627;&#x644;&#x645;&#x631;&#x643;&#x632; &#x627;&#x644;&#x642;&#x648;&#x645;&#x64A; &#x644;&#x62F;&#x631;&#x627;&#x633;&#x627;&#x62A; &#x627;&#x644;&#x634;&#x631;&#x642; &#x627;&#x644;&#x627;&#x648;&#x633;&#x637;&#x60C; </subfield>
    <subfield code="c">2024-</subfield>
  </datafield>
  <datafield tag="300" ind1=" " ind2=" ">
    <subfield code="a">&#x645;&#x62C;&#x644;&#x62F; :</subfield>
    <subfield code="b">&#x627;&#x64A;&#x636;&#x627;&#x62D;&#x64A;&#x627;&#x62A;&#x61B;</subfield>
    <subfield code="c">27&#x633;&#x645;.</subfield>
  </datafield>
  <datafield tag="362" ind1="0" ind2=" ">
    <subfield code="a">&#x627;&#x644;&#x639;&#x62F;&#x62F;.1 (&#x62F;&#x64A;&#x633;&#x645;&#x628;&#x631; 2024)-</subfield>
  </datafield>
  <datafield tag="541" ind1=" " ind2=" ">
    <subfield code="a">&#x625;&#x647;&#x62F;&#x627;&#x621;</subfield>
    <subfield code="b">&#x627;&#x644;&#x642;&#x627;&#x647;&#x631;&#x629;</subfield>
    <subfield code="c">&#x627;&#x644;&#x645;&#x631;&#x643;&#x632; &#x627;&#x644;&#x642;&#x648;&#x645;&#x64A; &#x644;&#x62F;&#x631;&#x627;&#x633;&#x627;&#x62A; &#x627;&#x644;&#x634;&#x631;&#x642; &#x627;&#x644;&#x627;&#x648;&#x633;&#x637;.</subfield>
  </datafield>
  <datafield tag="650" ind1="7" ind2=" ">
    <subfield code="a">&#x627;&#x644;&#x631;&#x623;&#x649; &#x627;&#x644;&#x639;&#x627;&#x645;</subfield>
    <subfield code="v">&#x62F;&#x648;&#x631;&#x64A;&#x627;&#x62A;</subfield>
    <subfield code="z">&#x645;&#x635;&#x631;</subfield>
    <subfield code="2">qramk</subfield>
  </datafield>
  <datafield tag="710" ind1="2" ind2=" ">
    <subfield code="a">&#x645;&#x631;&#x643;&#x632; &#x627;&#x644;&#x642;&#x648;&#x645;&#x64A; &#x644;&#x62F;&#x631;&#x627;&#x633;&#x627;&#x62A; &#x627;&#x644;&#x634;&#x631;&#x642; &#x627;&#x644;&#x627;&#x648;&#x633;&#x637; (&#x645;&#x635;&#x631;&#x60C;&#x627;&#x644;&#x642;&#x627;&#x647;&#x631;&#x629;) </subfield>
  </datafield>
  <datafield tag="905" ind1=" " ind2=" ">
    <subfield code="a">Abeer</subfield>
    <subfield code="e">Abeer</subfield>
  </datafield>
  <datafield tag="942" ind1=" " ind2=" ">
    <subfield code="n">0</subfield>
    <subfield code="c">CR</subfield>
  </datafield>
  <datafield tag="999" ind1=" " ind2=" ">
    <subfield code="c">180605</subfield>
    <subfield code="d">180605</subfield>
  </datafield>
</record>
